| 000 | 01040cam a2200313 4500 | ||
|---|---|---|---|
| 001 | 1764379 | ||
| 003 | PILC | ||
| 005 | 20150824083055.0 | ||
| 008 | 710427t19711970nyua b 001 0 eng | ||
| 010 | _a 76147059 | ||
| 040 |
_aDLC _cDLC _dDLC |
||
| 041 | 1 | _aengger | |
| 050 | 0 | 0 |
_aTL 788.7 _b.D331 1971 |
| 082 | 0 | 0 | _a001.9/42 |
| 100 | 1 |
_aDäniken, Erich von, _d1935- |
|
| 240 | 1 | 0 |
_aZurück zu den Sternen. _lEnglish |
| 245 | 1 | 0 |
_aGods from outer space; _breturn to the stars, or evidence for the impossible. _cTranslated by Michael Heron. |
| 250 | _a1st American edition. | ||
| 260 |
_aNew York : _bPutnam, _c1971. |
||
| 300 |
_a190 pages : _billustrations ; _c23 cm. |
||
| 350 | _a$5.95 | ||
| 500 | _aTranslation of Zurück zu den Sternen. | ||
| 500 | _aIncludes bibliographical references and index. | ||
| 650 | 0 |
_aCivilization, Ancient _xExtraterrestrial influences. |
|
| 650 | 0 | _aLife on other planets. | |
| 740 | _aReturn to the stars. | ||
| 906 |
_a7 _bcbc _corignew _d2 _encip _f19 _gy-gencatlg |
||
| 942 |
_2lcc _cBK _kFOR |
||
| 999 |
_c288435 _d288435 |
||